Homixide Gang - Homixide Lifestyle Tracklist - Statistics

General Stats
  • This quiz has been taken 25 times
  • The average score is 10 of 18
Answer Stats
songs % Correct
Lifestyle
94%
Guitars
82%
Lif3
71%
Drakon !
65%
Stunt
65%
V-Friends
65%
5 Ways
59%
BB
59%
Notice It
59%
Shots Off
59%
TF!
59%
Tatted
53%
CV
47%
Scale Stretcher
47%
Tripping
47%
Can't Go
41%
Wings
41%
None 2 Some
29%
No matching quizzes found
Score Distribution
Percent of People with Each Score
Percentile by Number Answered
Your Score History
You have not taken this quiz